<?xml version="1.0" encoding="UTF-8"?>
<record
    xmlns:xsi="http://www.w3.org/2001/XMLSchema-instance"
    xsi:schemaLocation="http://www.loc.gov/MARC21/slim http://www.loc.gov/standards/marcxml/schema/MARC21slim.xsd"
    xmlns="http://www.loc.gov/MARC21/slim">

  <leader>01352cam a2200325 a 4500</leader>
  <controlfield tag="001">78079</controlfield>
  <controlfield tag="003">BD-RjUL</controlfield>
  <controlfield tag="005">20211209083103.0</controlfield>
  <controlfield tag="008">210316s1964    u        b    001 0 ara d</controlfield>
  <datafield tag="035" ind1=" " ind2=" ">
    <subfield code="a">(BD-RjUL)78305</subfield>
  </datafield>
  <datafield tag="040" ind1=" " ind2=" ">
    <subfield code="a">MH</subfield>
    <subfield code="c">MH</subfield>
    <subfield code="d">CStRLIN</subfield>
    <subfield code="d">NIC</subfield>
    <subfield code="d">NNU</subfield>
    <subfield code="b">eng</subfield>
  </datafield>
  <datafield tag="041" ind1=" " ind2=" ">
    <subfield code="a">ara</subfield>
  </datafield>
  <datafield tag="066" ind1=" " ind2=" ">
    <subfield code="c">(3</subfield>
  </datafield>
  <datafield tag="082" ind1=" " ind2=" ">
    <subfield code="2">23</subfield>
    <subfield code="a">181.07</subfield>
  </datafield>
  <datafield tag="100" ind1="0" ind2=" ">
    <subfield code="a"> &#x627;&#x628;&#x646; &#x631;&#x634;&#x62F;,  &#x623;&#x628;&#x64A; &#x627;&#x644;&#x648;&#x644;&#x64A;&#x62F; &#x645;&#x62D;&#x645;&#x62F; ;;  Ibn Rushd Abi Al-Walid Muhammad</subfield>
    <subfield code="9">244867</subfield>
  </datafield>
  <datafield tag="245" ind1="1" ind2="0">
    <subfield code="a">&#x62A;&#x647;&#x627;&#x641;&#x62A; &#x627;&#x644;&#x62A;&#x647;&#x627;&#x641;&#x62A;  ;; Tah&#x101;fut al-Tah&#x101;fut /</subfield>
    <subfield code="c">&#x623;&#x628;&#x648; &#x627;&#x644;&#x648;&#x644;&#x64A;&#x62F; &#x645;&#x62D;&#x645;&#x62F; &#x628;&#x646; &#x631;&#x627;&#x634;&#x62F;  ;  &#x62A;&#x62D;&#x642;&#x64A;&#x642; &#x633;&#x644;&#x64A;&#x645;&#x627;&#x646; &#x62F;&#x646;&#x64A;&#x627; ;; Abu Al-Walid Mohammed bin Rashid ; tahqiq sulayman dunia</subfield>
  </datafield>
  <datafield tag="250" ind1=" " ind2=" ">
    <subfield code="a">al-&#x1E6C;ab&#x2BF;ah 1.</subfield>
  </datafield>
  <datafield tag="260" ind1=" " ind2=" ">
    <subfield code="a">al qahira :</subfield>
    <subfield code="b">dar al maearif ,</subfield>
    <subfield code="c">1964</subfield>
  </datafield>
  <datafield tag="264" ind1=" " ind2=" ">
    <subfield code="a">&#x627;&#x644;&#x642;&#x627;&#x647;&#x631;&#x629; :</subfield>
    <subfield code="b">&#x62F;&#x627;&#x631; &#x627;&#x644;&#x645;&#x639;&#x627;&#x631;&#x641; ;</subfield>
    <subfield code="c">&#x661;&#x669;&#x666;&#x664;</subfield>
  </datafield>
  <datafield tag="300" ind1=" " ind2=" ">
    <subfield code="a">461 p. ;</subfield>
    <subfield code="c">25 cm.</subfield>
  </datafield>
  <datafield tag="490" ind1="1" ind2=" ">
    <subfield code="a">Mu&#x2BC;allaf&#x101;t Ibn Rushd ;</subfield>
    <subfield code="v">3</subfield>
  </datafield>
  <datafield tag="504" ind1=" " ind2=" ">
    <subfield code="a">Includes bibliographical references and index.</subfield>
  </datafield>
  <datafield tag="600" ind1="0" ind2="0">
    <subfield code="a">Ghazz&#x101;l&#x12B;,</subfield>
    <subfield code="d">1058-1111.</subfield>
    <subfield code="t">Tah&#x101;fut al-fal&#x101;sifah.</subfield>
    <subfield code="9">246098</subfield>
  </datafield>
  <datafield tag="650" ind1=" " ind2="0">
    <subfield code="a">Islamic philosophy</subfield>
    <subfield code="x">Early works to 1800.</subfield>
    <subfield code="9">246091</subfield>
  </datafield>
  <datafield tag="650" ind1=" " ind2="0">
    <subfield code="a">Islam and philosophy</subfield>
    <subfield code="x">Early works to 1800.</subfield>
    <subfield code="9">246092</subfield>
  </datafield>
  <datafield tag="650" ind1=" " ind2="0">
    <subfield code="a">Islam</subfield>
    <subfield code="x">Doctrines</subfield>
    <subfield code="v">Early works to 1800.</subfield>
    <subfield code="9">246093</subfield>
  </datafield>
  <datafield tag="700" ind1=" " ind2=" ">
    <subfield code="a">&#x633;&#x644;&#x64A;&#x645;&#x627;&#x646; &#x62F;&#x646;&#x64A;&#x627;  ;; Suleiman Dunya</subfield>
    <subfield code="9">246099</subfield>
  </datafield>
  <datafield tag="830" ind1=" " ind2="0">
    <subfield code="a">Silsilat al-tur&#x101;th al-falsaf&#x12B; al-&#x2BF;Arab&#x12B;</subfield>
    <subfield code="9">246100</subfield>
  </datafield>
  <datafield tag="942" ind1=" " ind2=" ">
    <subfield code="2">ddc</subfield>
    <subfield code="c">BK</subfield>
  </datafield>
  <datafield tag="999" ind1=" " ind2=" ">
    <subfield code="c">78079</subfield>
    <subfield code="d">78079</subfield>
  </datafield>
  <datafield tag="952" ind1=" " ind2=" ">
    <subfield code="0">0</subfield>
    <subfield code="1">0</subfield>
    <subfield code="2">ddc</subfield>
    <subfield code="4">0</subfield>
    <subfield code="7">0</subfield>
    <subfield code="8">NFIC</subfield>
    <subfield code="a">RUCL</subfield>
    <subfield code="b">RUCL</subfield>
    <subfield code="c">Reading</subfield>
    <subfield code="d">2021-03-16</subfield>
    <subfield code="l">0</subfield>
    <subfield code="o">A 181.07 IBT V-1 1964</subfield>
    <subfield code="r">2021-03-16 00:00:00</subfield>
    <subfield code="t">C-1</subfield>
    <subfield code="w">2021-03-16</subfield>
    <subfield code="y">BK</subfield>
  </datafield>
</record>
